000 00220nam a2200085Ia 4500
245 0 _aLIEFDE IN DIE NAJAAR
100 _a VAN WYK, S. [S.l.], 1984
_996868
942 _cBK
008 210825s9999 xx 000 0 und d
999 _c550342
_d550341